000
00251nam a22001097a 4500
082
_a
576 TUR'S
100
_a
TURK, D.C,PORTER, I.A
_9
57230
245
_a
A SHORT TEXTBOOK OF MICROBIOLOGY
260
_a
LONDON
_b
EUP
_c
1965
300
_a
292P
942
_c
BK
999
_c
567522
_d
567522